000 00454nam a2200181 i 4500
001 bg
100 1 _aJANISZOWSKI, Krzysztof
245 0 _aElektrotechnika /
_cK. Janiszowski, A. Syrzycki.
260 _aWarszawa,
_c1983.
650 9 _aElektrotechnika
655 _aPodręczniki akademickie
700 1 _aSYRZYCKI, Andrzej
040 _cBPK
041 _apol
080 _a621.3(075.8)
942 _cKS
008 s pl f |000 0 pol
999 _c22155
_d22155
856 _uhttp://koha.tu.koszalin.pl/cgi-bin/koha/opac-detail.pl?biblionumber=22155
_yKatalog online BPK